| 000 | 00727nam a2200205 i 4500 | ||
|---|---|---|---|
| 001 | 186895 | ||
| 003 | ES-MaACL | ||
| 005 | 20250808022551.0 | ||
| 008 | 170227s1932 sp |||| |bspa d | ||
| 100 | 1 |
_aSalaverría, José María, _d1873-1940 _9101790 |
|
| 245 | 1 | 0 |
_aIparraguirre, el último bardo / _cpor José Mª Salaverría. |
| 250 | _a1ª ed. | ||
| 260 |
_aMadrid : _bEspasa-Calpe, _c1932. |
||
| 300 |
_a184 p., [3] p. ; _c18 cm. |
||
| 490 | 1 |
_aVidas españolas e hispanoamericanas del siglo XIX ; _v21 |
|
| 600 | 1 | 4 |
_aIparraguirre, José María ( _d1820-1881) _9142033 |
| 830 | 0 | 0 |
_aVidas españolas e hispanoamericanas del siglo XIX _v21 _9192640 |
| 852 |
_aES-MaACL _jC-23232 |
||
| 999 |
_c186895 _d186895 |
||